Financial accounting fundamentals (Record no. 43329)

MARC details
000 -LEADER
fixed length control field 00673nam a2200169 a 4500
008 - FIXED-LENGTH DATA ELEMENTS--GENERAL INFORMATION
fixed length control field 070515s2000 ||||||||||||||||| || u
020 ## - INTERNATIONAL STANDARD BOOK NUMBER
International Standard Book Number 817649187X
050 ## - LIBRARY OF CONGRESS CALL NUMBER
Classification number HF 5635 Wal
110 ## - MAIN ENTRY--CORPORATE NAME
Corporate name or jurisdiction name as entry element Chartered Institute of Management Accountants (CIMA)
245 10 - TITLE STATEMENT
Title Financial accounting fundamentals
260 ## - PUBLICATION, DISTRIBUTION, ETC.
Place of publication, distribution, etc. New Delhi:
Name of publisher, distributor, etc. Chartered Institute of Management Accountants
Date of publication, distribution, etc. 2000
300 ## - PHYSICAL DESCRIPTION
Extent xxiv, 596p.: ill.
350 ## - PRICE (NR) (BK AM CF MU VM SE) [OBSOLETE]
Price 0.00
490 ## - SERIES STATEMENT
Series statement CIMA study system foundation level
650 #0 - SUBJECT ADDED ENTRY--TOPICAL TERM
Topical term or geographic name entry element ACCOUNTING--HANDBOOKS, MANUALS, ETC
995 ## - RECOMMENDATION 995 [LOCAL, UNIMARC FRANCE]
-- 0.00
-- CBU-MAIN LIBRARY (Kitwe)
-- 1
-- 0.00
-- 1
-- AVAILABLE
-- May 15, 2007
-- Short Loan Collection
Holdings
Withdrawn status Lost status Source of classification or shelving scheme Damaged status Not for loan Home library Current library Shelving location Date acquired Total Checkouts Full call number Barcode Date last seen Price effective from Koha item type
          CBU-MAIN LIBRARY, KITWE. CBU-MAIN LIBRARY, KITWE.   11/30/2022   HF 5635 Wal 40929 11/30/2022 11/30/2022 MONOGRAPH